| 000 | 00916nam a2200265 a 4500 | ||
|---|---|---|---|
| 001 | BRL_763 | ||
| 005 | 20190320210903.0 | ||
| 008 | 031013s1969----mx-a######---#000-0#spa-# | ||
| 041 | _aspaeng | ||
| 044 | _amx | ||
| 050 | 4 |
_aNK5114 _b.A48 1969 |
|
| 100 | 1 |
_aÁlvarez, José Rogelio _d1922-2011 _924874 |
|
| 245 | 1 | 0 |
_aVidrio soplado = Hand blown glass _cpor José Rogelio Álvarez ; fotografías de Héctor García y Héctor Torres ; traducción al inglés de Carmen Molina Enríquez. |
| 260 |
_aMéxico _bOrganización Editorial Novaro _c1969 |
||
| 300 |
_a116 p. _bil. a color _c24 cm. |
||
| 500 | _aAu886 | ||
| 546 | _aTexto en: español e inglés | ||
| 650 | 1 | 4 |
_aCristalería _xHistoria _zMéxico _97058 |
| 700 | 1 |
_aGarcía, Héctor _eil. _924875 |
|
| 700 | 1 |
_aTorres, Héctor _eil. _924876 |
|
| 700 | 1 |
_aMolina Enríquez, Carmen _etr. _924877 |
|
| 740 | 0 | _aHand blown glass | |
| 902 | _aGRL | ||
| 942 |
_2lcc _cB |
||
| 999 |
_c9575 _d9575 |
||